|
|
|
|
| LEADER |
00000nam a2200000 a 4500 |
| 001 |
UCU5264 |
| 003 |
CL-VaPUC |
| 008 |
960531e19800000US |||||||||||||||||eng|d |
| 082 |
0 |
4 |
|a 621.366
|b SLI
|2 21
|
| 100 |
0 |
|
|a Sliney, David
|e author
|9 363181
|
| 700 |
0 |
|
|a Wolbarsht, Myron
|e author
|9 363182
|
| 245 |
1 |
0 |
|a Safety with lasers and other optical sources: a comprehensive handbook
|
| 300 |
|
|
|a 1035 p
|
| 942 |
|
|
|c BK
|
| 945 |
|
|
|d 19960531 00:00:00
|a paguirre
|
| 260 |
|
|
|a Nueva York
|b Plenum
|c 1980
|
| 650 |
|
7 |
|a LASER
|2 CL-VaPUC
|9 360528
|
| 650 |
|
0 |
|a Optica
|9 263171
|
| 650 |
|
0 |
|a Electrónica
|9 263192
|
| 650 |
|
0 |
|a Vidrio óptico
|9 366674
|
| 650 |
|
7 |
|a HACES
|2 CL-VaPUC
|9 360854
|
| 583 |
|
|
|a last modification
|c 19960531 00:00:00
|k Rodrigo Vera
|
| 999 |
|
|
|c 248684
|d 248682
|
| 952 |
|
|
|0 0
|1 0
|4 0
|6 621_366000000000000_SLI_1980
|7 0
|8 A
|9 265473
|a BIBING
|b BIBING
|d 2019-11-19
|i 1671979
|o 621.366 SLI 1980
|p 1671979
|r 2025-01-20
|w 2019-11-19
|y BK
|k EIE
|